000 00622nam a2200265Ia 4500
005 20260324152922.0
008 008 260324s9999 xx 000 0 eng d
020 _a9780323355957
037 _aEBOOK
040 _aCRL
040 _beng
040 _cCRL
041 _2eng
041 _aeng
084 _qCRL
100 _aEbnesajjad, Sina
_9902188
245 0 _aAdhesives Technology Handbook
260 _bElsevier
260 _c2015
650 _aEngineering
856 _uhttps://www.sciencedirect.com/science/book/9780323355957
942 _cEBOOK
999 _c1841118
_d1841118